|
|
|
|
| LEADER |
00925nam a2200265 i 4500 |
| 001 |
c000136587 |
| 003 |
CARM |
| 005 |
00000000000000.0 |
| 008 |
800204s1975 ve 00010aspa |
| 019 |
1 |
|
|a 1675350
|5 LACONCORD2021
|
| 035 |
|
|
|a (OCoLC)2066863
|5 LACONCORD2021
|
| 043 |
|
|
|a s-ve---
|
| 050 |
0 |
0 |
|a G465
|b .U84
|
| 082 |
0 |
0 |
|a 910.4
|
| 100 |
2 |
|
|a Uslar Pietri, Arturo,
|d 1906-
|
| 245 |
1 |
3 |
|a El globo de colores /
|c Arturo Uslar Pietri.
|
| 260 |
|
|
|a Caracas :
|b Monte Avila Editores,
|c 1975.
|
| 300 |
|
|
|a 313 p. ;
|c 18 cm.
|
| 490 |
0 |
|
|a Coleccion Letra viva
|
| 600 |
2 |
0 |
|a Uslar Pietri, Arturo,
|d 1906-
|
| 650 |
|
0 |
|a Voyages and travels.
|
| 650 |
|
0 |
|a Travelers
|z Venezuela
|x Biography.
|
| 852 |
8 |
|
|b CARM
|h A2:AE16G0
|i A00322
|p 0055263
|f BK
|
| 999 |
f |
f |
|i a8f4c4a1-be3b-5ca2-a22c-2a706dfc9bec
|s feaf1034-9941-58ad-91d1-96b8b6920a0a
|
| 952 |
f |
f |
|p Can circulate
|a CAVAL
|b CAVAL
|c CAVAL
|d CARM 1 Store
|e A00322
|f A2:AE16G0
|h Other scheme
|i book
|m 0055263
|